| 000 | 00633nam a2200193 a 4500 | ||
|---|---|---|---|
| 005 | 20240925064232.0 | ||
| 008 | 991125s1969 bar 000 0 spa u | ||
| 035 | _aUPN01000041339 | ||
| 049 | _aCG | ||
| 050 | 4 |
_aLB1105 _bP3.2a no.16 1969 |
|
| 100 | 1 | _aSutter, jean-M | |
| 245 | 1 | 4 |
_aLos niños mentirosos / _cJean M. Sutter ; tr. C. Cid de Casanovas |
| 260 |
_aBarcelona, Esp. : _bL. Miracle, _c1969. |
||
| 300 | _a172 p. | ||
| 440 | 0 |
_aPaideia. _pBiblioteca práctica de pedagogía, psicología y psicopatología de la infancia ; _v16 |
|
| 650 | 4 |
_aNiño, Estudio del _9221 |
|
| 650 | 4 |
_aVERDAD Y MENTIRA _915546 |
|
| 905 | _aLibro | ||
| 999 |
_c41339 _d41339 |
||